000 00638nam a2200229Ia 4500
003 OSt
005 20221006164412.0
006 a|||||r|||| 00| 0
007 ta
008 221006b |||||||| |||| 00| 0 eng d
024 _a1,409
037 _cTextual
040 _aFML
_cFML
_beng
041 _2eng
_aeng
082 _aTk, P5
100 _aLohithakshan P. M. Au.
_9677379
245 0 _aDictonary of Education
_b A Practical Approach
260 _aNew Delhi
_bKanishka Publishers, Distributors
_c2005
300 _a435
_ccm.
942 _hTk, P5
_cTEXL
_2CC
999 _c1117142
_d1117142